| 000 | 00405cam a22001337a 4500 | ||
|---|---|---|---|
| 008 | 180718b1968 xxu||||| |||| 00| 0 eng d | ||
| 082 | _aB262x54 H191 | ||
| 100 | _aHanda, R.L. | ||
| 245 |
_aHistory of freedom struggle in princely states _cby R.L. Handa |
||
| 260 |
_aNew Delhi _bCentral News Agency _c1968 |
||
| 300 | _a414p. | ||
| 500 | _aRs.30.00 | ||
| 650 | _aIndia --Politics and government --1919-1947. | ||
| 999 |
_c367659 _d367659 |
||